Top 15 Countries with Covid-19 Deaths - 9 June - Statistics

General Stats
  • This quiz has been taken 23 times
  • The average score is 15 of 20
Answer Stats
country % Correct
Germany
100%
United Kingdom
100%
United States
100%
France
95%
Italy
95%
Mexico
95%
Canada
90%
India
90%
Russia
86%
Spain
86%
Brazil
81%
Portugal
71%
Netherlands
62%
Belgium
57%
Sweden
57%
Ireland
52%
Iran
48%
Peru
48%
Switzerland
48%
Ecuador
38%
No matching quizzes found
Score Distribution
Percent of People with Each Score
Percentile by Number Answered
Your Score History
You have not taken this quiz